| 000 | 01463nam0a2200313 4500 | ||
|---|---|---|---|
| 001 | RU\NLR\bibl\1409247 | ||
| 005 | 20260406001403.0 | ||
| 010 |
_a978-5-86781-607-0 _9500 |
||
| 021 |
_aRU _b2009-51560 _93165 |
||
| 035 | _a(NLR Aleph) 001401238 | ||
| 090 |
_a1223772 _c1223772 |
||
| 100 | _a20090908d2008 |||y0rusy50 ca | ||
| 101 | 0 | _arus | |
| 102 | _aRU | ||
| 105 | _aa ||||||||| | ||
| 200 | 1 |
_aИнформатика _eучебное пособие _fЕ.Н. Гусева, И.Ю. Ефимова, Р.И. Коробков [и др.] _gМ-во образования и науки Рос. Федерации, ГОУ ВПО "Магнитогор. гос. ун-т" |
|
| 210 |
_aМагнитогорск _cМаГУ _d2008 |
||
| 215 |
_a215 с. _cил. _d21 |
||
| 320 | _aБиблиогр.: с. 215 (11 назв.) | ||
| 606 | 1 |
_aИнформатика _jУчебные издания для высших учебных заведений _92081274 _3RU\NLR\auth\661257251 |
|
| 686 | _aЗ973.233я73-1 | ||
| 701 | 1 |
_4070 _8rus _7ca _aГусева _bЕ. Н. _cканд. пед. наук, информатика _gЕлена Николаевна _3RU\NLR\auth\7766682 _949610 |
|
| 701 | 1 |
_4070 _8rus _7ca _aЕфимова _bИ. Ю. _cканд. пед. наук _gИрина Юрьевна _3RU\NLR\auth\77110935 _993860 |
|
| 701 | 1 |
_aКоробков _bР. И. _4070 |
|
| 801 | 0 |
_aRU _bNLR _c20090908 _gRCR |
|
| 801 | 1 |
_aRU _bNLR _c20090908 |
|
| 942 | _cBOOK | ||
| 980 | _aNB | ||